000 00779nam a2200205Ia 4500
003 GCL
008 140319s9999 xx 000 0 ara d
020 _a9782270977
040 _aGCL /
_cGCL
082 0 4 _a965
_bس ج
100 1 _aسليمان الشيخ
245 1 0 _aالجزائر تحمل السلاح او زمن اليقين :
_bدراسة حول تاريخ الجزائر /
_cسليمان الشيخ
250 _aالاولى
260 _aالقاهرة :
_bالدار المصرية اللبنانية ،
_c2003
300 _a606 ص ؛
_c24 سم
650 0 4 _aالجزائر - الاحوال السياسية
650 0 4 _aالجزائر - تاريخ - العصرالحديث
650 0 4 _aالاستقلال فى البلاد العربية
942 _2ddc
_cBK
999 _c5193
_d5193